1 Billion streams club : Shawn Mendes - Statistics

General Stats
  • This quiz has been taken 67 times
    13 since last reset
  • The average score is 5 of 7
Answer Stats
Album Song Streams % Correct
Handwritten Stitches 2.5B
100%
Shawn Mendes(ft. Camila Cabello) Señorita 3.3B
92%
Illuminate Treat You Better 2.8B
92%
Illuminate Mercy 1.6B
83%
Shawn Mendes If I Cant Have You 1.1B
58%
Shawn Mendes In My Blood 1.0B
58%
Illuminate There's Nothing Holdin' Me Back 2.8B
58%
No matching quizzes found
Score Distribution
Percent of People with Each Score
Percentile by Number Answered
Your Score History
You have not taken this quiz since the last reset